[Event "Wattens op 13th"]
[Site "Wattens"]
[Date "1998.??.??"]
[Round "5"]
[White "Wolfram, Bernd"]
[Black "Lawitsch, Guenther"]
[Result "0-1"]
[WhiteElo "1840"]
[BlackElo "2275"]
[PlyCount "116"]
[EventDate "1998.??.??"]
[EventType "swiss"]
[EventRounds "9"]
[EventCountry "AUT"]
[SourceTitle "EXT 2000"]
[Source "ChessBase"]
[SourceDate "1999.11.16"]
[SourceVersion "1"]
[SourceVersionDate "1999.11.16"]
[SourceQuality "1"]

1. c4 e6 2. g3 d5 3. Bg2 Nf6 4. Nf3 Be7 5. d4 0-0 6. 0-0 dxc4 7. Nbd2 Nc6 8. Nxc4 Rb8 9. Re1 b5 10. Nce5 Bb7 11. Nxc6 Bxc6 12. Bf4 Bb4 13. Bd2 Bxd2 14. Qxd2 Bxf3 15. Bxf3 c5 16. Red1 c4 17. Qc2 Rc8 18. e4 Qe7 19. a3 a5 20. Qd2 Qa7 21. e5 Nd5 22. Bxd5 exd5 23. Qg5 Qb6 24. h4 b4 25. h5 h6 26. Qe3 c3 27. bxc3 Rxc3 28. Rd3 Rxd3 29. Qxd3 b3 30. a4 b2 31. Rb1 Rb8 32. Qc3 Kf8 33. Kf1 Ke8 34. Qc5 Qxc5 35. dxc5 Kd7 36. Ke2 Kc6 37. Kd3 Kxc5 38. Kc2 Kd4 39. f4 Ke3 40. Rxb2 Rc8+ 41. Kd1 d4 42. Rb7 d3 43. Rd7 Rb8 44. Kc1 Rb4 45. f5 Rc4+ 46. Kb2 Rc6 47. Rxf7 d2 48. Rd7 Ke2 49. g4 d1Q 50. Rxd1 Kxd1 51. e6 Rc5 52. Kb3 Kd2 53. e7 Rc3+ 54. Kb2 Re3 55. g5 hxg5 56. h6 Rxe7 57. h7 Rb7+ 58. Ka2 Rb8 0-1